[Event "Moscow op-A 19th"]
[Site "Moscow"]
[Date "2023.07.22"]
[Round "8"]
[White "Poluyanov, Alexander"]
[Black "Lesovoi, Evgenij"]
[Result "0-1"]
[WhiteElo "1789"]
[BlackElo "2262"]
[PlyCount "144"]
[EventDate "2023.07.17"]
[EventType "swiss"]
[EventRounds "9"]
[EventCountry "RUS"]
[SourceTitle "CBM 215 Extra"]
[Source "ChessBase"]
[SourceDate "2023.09.30"]
[SourceVersion "1"]
[SourceVersionDate "2023.09.30"]
[SourceQuality "1"]

1. e4 c6 2. d4 d5 3. exd5 cxd5 4. Bd3 Nc6 5. c3 Nf6 6. Bf4 Bg4 7. Qb3 Qd7 8. Nd2 e6 9. Ngf3 Bxf3 10. Nxf3 Bd6 11. Bxd6 Qxd6 12. 0-0 0-0 13. Rae1 Qc7 14. Qd1 a6 15. a4 Rfe8 16. Ne5 Nxe5 17. Rxe5 Rab8 18. Qe2 Qc6 19. Ra1 b5 20. a5 b4 21. c4 dxc4 22. Bxc4 Ra8 23. Rd1 Red8 24. f4 g6 25. b3 Rd6 26. Rc5 Qe4 27. Qxe4 Nxe4 28. Rc7 Nc3 29. Rd2 Nd5 30. Bxd5 Rxd5 31. Rb7 Rxa5 32. Rxb4 Rc8 33. Rc4 Rb8 34. Rd3 Ra2 35. h3 Kg7 36. Kh2 h5 37. Rc7 Rb5 38. Rc5 Rb2 39. Rcc3 Ra5 40. h4 Raa2 41. Rg3 Rd2 42. Rcd3 Kf6 43. Rxd2 Rxd2 44. Rc3 Rxd4 45. g3 Kf5 46. Kh3 f6 47. Rc6 a5 48. Ra6 Rd5 49. Kg2 Rb5 50. Kf2 e5 51. fxe5 fxe5 52. Kg2 g5 53. hxg5 Kxg5 54. Kf2 Kf5 55. Kg2 Ke4 56. Rh6 Rxb3 57. Rxh5 Kd4 58. Kf2 Rb2+ 59. Kf3 e4+ 60. Kf4 Rf2+ 61. Kg4 e3 62. Rxa5 e2 63. Ra4+ Kc3 64. Ra3+ Kb2 65. Re3 Kc2 66. Kh5 Kd2 67. Re8 Rf3 68. g4 Re3 69. Rd8+ Kc3 70. Rc8+ Kd4 71. Rc1 e1Q 72. Rxe1 Rxe1 0-1

[Event "Moscow op-A 19th"]
[Site "Moscow"]
[Date "2023.07.21"]
[Round "6"]
[White "Zakhartsov, Vladimir"]
[Black "Lesovoi, Evgenij"]
[Result "1-0"]
[WhiteElo "2517"]
[BlackElo "2262"]
[PlyCount "65"]
[EventDate "2023.07.17"]
[EventType "swiss"]
[EventRounds "9"]
[EventCountry "RUS"]
[SourceTitle "CBM 215 Extra"]
[Source "ChessBase"]
[SourceDate "2023.09.30"]
[SourceVersion "1"]
[SourceVersionDate "2023.09.30"]
[SourceQuality "1"]

1. c4 e6 2. Nc3 d5 3. d4 Nf6 4. Nf3 Be7 5. Bf4 0-0 6. e3 Nbd7 7. a3 c6 8. Bd3 dxc4 9. Bxc4 b5 10. Bd3 a6 11. b4 Nd5 12. Qc2 Nxf4 13. exf4 a5 14. Rb1 axb4 15. axb4 Nf6 16. 0-0 h6 17. Rfd1 Bd7 18. Ne5 Nd5 19. Nxd5 cxd5 20. Qe2 Rb8 21. Rb3 Be8 22. Bb1 Rc8 23. g4 g6 24. f5 Kg7 25. f4 Bd6 26. Rh3 Qe7 27. Kh1 f6 28. Re3 fxe5 29. fxe5 exf5 30. gxf5 gxf5 31. Rg1+ Kh8 32. exd6 Qh4 33. Re6 1-0

[Event "Moscow op-A 18th"]
[Site "Moscow"]
[Date "2022.07.20"]
[Round "9"]
[White "Lesovoi, Evgenij"]
[Black "Kunin, Vitaly L"]
[Result "0-1"]
[WhiteElo "2299"]
[BlackElo "2528"]
[PlyCount "76"]
[EventDate "2022.07.14"]
[EventType "swiss"]
[EventRounds "9"]
[EventCountry "RUS"]
[SourceTitle "CBM 209 Extra"]
[Source "ChessBase"]
[SourceDate "2022.09.30"]
[SourceVersion "1"]
[SourceVersionDate "2022.09.30"]
[SourceQuality "1"]

1. d4 Nf6 2. c4 e6 3. Nf3 c5 4. e3 d5 5. Nc3 Nc6 6. a3 Ne4 7. Bd3 Nxc3 8. bxc3 Be7 9. 0-0 0-0 10. e4 dxe4 11. Bxe4 Bf6 12. Be3 Na5 13. Qd3 g6 14. Bf4 Bd7 15. Rab1 Rc8 16. Bd6 Be7 17. dxc5 Bxd6 18. Qxd6 Bc6 19. Bxc6 Rxc6 20. Qd4 Qc7 21. Ng5 Rxc5 22. Qh4 h5 23. Ne4 Rf5 24. Rb5 Qd8 25. Ng5 a6 26. Rxf5 exf5 27. Qf4 Qd3 28. Nf3 Qxc4 29. Qh6 Qxc3 30. Rd1 Re8 31. h4 Nc6 32. a4 Qf6 33. Rd7 Ne5 34. Rxb7 Nxf3+ 35. gxf3 Qxh4 36. Kg2 Qxa4 37. Rb6 Qa1 38. Kh2 Qd4 0-1

[Event "St Petersburg-ch 94th"]
[Site "St Petersburg"]
[Date "2021.03.27"]
[Round "3"]
[White "Lesovoi, Evgenij"]
[Black "Alekseev, Evgeny V"]
[Result "0-1"]
[WhiteElo "2347"]
[BlackElo "2619"]
[PlyCount "104"]
[EventDate "2021.03.25"]
[EventType "swiss"]
[EventRounds "9"]
[EventCountry "RUS"]
[SourceTitle "EXT 2022"]
[Source "ChessBase"]
[SourceDate "2021.10.06"]
[SourceVersion "1"]
[SourceVersionDate "2021.10.06"]
[SourceQuality "1"]

1. d4 Nf6 2. c4 e6 3. Nf3 d5 4. Nc3 Nbd7 5. Bg5 Bb4 6. e3 c5 7. cxd5 exd5 8. Bd3 c4 9. Bf5 Qa5 10. 0-0 0-0 11. Qc2 Re8 12. a3 Bxc3 13. Qxc3 Qxc3 14. bxc3 Ne4 15. Bxe4 Rxe4 16. Rfb1 Re6 17. Nd2 Nb6 18. a4 Bd7 19. a5 Na4 20. Ra3 f6 21. Bf4 b5 22. axb6 Rxb6 23. f3 Rxb1+ 24. Nxb1 g5 25. Bg3 Re8 26. Kf2 Nb2 27. Rxa7 Bf5 28. e4 dxe4 29. fxe4 Bxe4 30. Nd2 Nd1+ 31. Kg1 Bd5 32. Rc7 Re2 33. Nxc4 Rxg2+ 34. Kf1 Rc2 35. Ke1 Nxc3 36. Nd2 h5 37. Rc5 h4 38. Bc7 g4 39. Bf4 Kf7 40. Bc7 Kg6 41. Bf4 Kf7 42. Bc7 Ke6 43. Bf4 Kf5 44. Bc7 g3 45. hxg3 h3 46. g4+ Kxg4 47. Bd6 f5 48. Rc7 f4 49. Rg7+ Kf5 50. Rh7 Rc1+ 51. Kf2 Rd1 52. Nf1 Bc4 0-1

[Event "Titled Tuesday intern op 16th Feb"]
[Site "Chess.com INT"]
[Date "2021.02.16"]
[Round "10"]
[White "Lesovoi, Evgenij"]
[Black "Kakabayaev, Mergen"]
[Result "1-0"]
[WhiteElo "2347"]
[BlackElo "2285"]
[PlyCount "115"]
[EventDate "2021.02.16"]
[EventType "swiss (blitz)"]
[EventRounds "11"]
[EventCountry "USA"]
[SourceTitle "EXT 2022"]
[Source "ChessBase"]
[SourceDate "2021.10.06"]
[SourceVersion "1"]
[SourceVersionDate "2021.10.06"]
[SourceQuality "1"]

1. e4 e5 2. Nf3 Nc6 3. Bb5 a6 4. Ba4 Nf6 5. 0-0 Be7 6. Re1 b5 7. Bb3 d6 8. h3 0-0 9. c3 Na5 10. Bc2 c5 11. d3 Qc7 12. Nbd2 Bd7 13. Nf1 b4 14. Ng3 Rfb8 15. Bg5 Be6 16. Nh4 Nc6 17. Nhf5 Bd8 18. Qf3 Ne8 19. Bc1 bxc3 20. bxc3 a5 21. Ne3 a4 22. Nd5 Qd7 23. Ba3 Ne7 24. Rab1 f6 25. Nf1 Nxd5 26. exd5 Bf7 27. Ne3 Ba5 28. Nd1 Nc7 29. Rxb8+ Rxb8 30. Qe4 Bxd5 31. Qxa4 Qxa4 32. Bxa4 Bxa2 33. Re2 Bf7 34. d4 Bc4 35. Rb2 Rxb2 36. Nxb2 Bb5 37. Bb3+ Kh8 38. dxc5 dxc5 39. c4 Bc6 40. Bxc5 Na6 41. Be3 Bb4 42. Ba4 Be4 43. Bb5 Nc5 44. Na4 Nxa4 45. Bxa4 Kg8 46. f3 Bf5 47. Kf2 Kf8 48. Bb6 Ke7 49. Ke3 Kd6 50. Bb5 Bc5+ 51. Bxc5+ Kxc5 52. f4 exf4+ 53. Kxf4 Be6 54. h4 Bxc4 55. Be8 Kd6 56. g3 Ke7 57. Ba4 Ke6 58. Bc2 1-0

[Event "Titled Tuesday intern op 16th Feb"]
[Site "Chess.com INT"]
[Date "2021.02.16"]
[Round "6"]
[White "Lesovoi, Evgenij"]
[Black "Karavaeva, Olga"]
[Result "1-0"]
[WhiteElo "2347"]
[BlackElo "2260"]
[PlyCount "123"]
[EventDate "2021.02.16"]
[EventType "swiss (blitz)"]
[EventRounds "11"]
[EventCountry "USA"]
[SourceTitle "EXT 2022"]
[Source "ChessBase"]
[SourceDate "2021.10.06"]
[SourceVersion "1"]
[SourceVersionDate "2021.10.06"]
[SourceQuality "1"]

1. e4 c5 2. Nf3 e6 3. d4 cxd4 4. Nxd4 Nf6 5. Nc3 Nc6 6. Ndb5 d6 7. Bf4 e5 8. Bg5 a6 9. Na3 b5 10. Nd5 Be7 11. Bxf6 Bxf6 12. c3 Bg5 13. Nc2 0-0 14. a4 bxa4 15. Rxa4 a5 16. Bc4 Rb8 17. b3 Kh8 18. Nce3 g6 19. 0-0 f5 20. exf5 gxf5 21. f4 Bh6 22. Qh5 Bg7 23. Rf3 Qe8 24. Qxe8 Rxe8 25. fxe5 Nxe5 26. Rf1 Nxc4 27. Nxc4 Be6 28. Nc7 Bxc4 29. Rxc4 Rf8 30. b4 axb4 31. cxb4 Be5 32. Rfc1 Rfc8 33. g3 h6 34. Kg2 Kh7 35. Kf3 Rb7 36. h4 Rbb8 37. Nd5 Rxc4 38. Rxc4 Ra8 39. Rc7+ Kg8 40. Ne7+ Kf8 41. Nxf5 d5 42. Rc5 Ra3+ 43. Kg4 h5+ 44. Kxh5 Bxg3 45. Rxd5 Bf4 46. Kg6 Ra6+ 47. Kh5 Kf7 48. b5 Rb6 49. Kg4 Bb8 50. Kf3 Rf6 51. Ke4 Re6+ 52. Kd3 Re1 53. Nd4 Rh1 54. h5 Rh4 55. b6 Kf6 56. b7 Ba7 57. Nc6 Rh3+ 58. Kc4 Rh4+ 59. Kb5 Bb8 60. Nxb8 Ke6 61. Rc5 Kd6 62. Na6 1-0

[Event "Titled Tuesday intern op 09th Feb"]
[Site "Chess.com INT"]
[Date "2021.02.09"]
[Round "7"]
[White "Lesovoi, Evgenij"]
[Black "Gokerkan, Cem Kaan"]
[Result "0-1"]
[WhiteElo "2347"]
[BlackElo "2470"]
[PlyCount "58"]
[EventDate "2021.02.09"]
[EventType "swiss (blitz)"]
[EventRounds "11"]
[EventCountry "USA"]
[SourceTitle "EXT 2022"]
[Source "ChessBase"]
[SourceDate "2021.10.06"]
[SourceVersion "1"]
[SourceVersionDate "2021.10.06"]
[SourceQuality "1"]

1. e4 c5 2. Nf3 d6 3. d4 cxd4 4. Nxd4 Nf6 5. Nc3 g6 6. Be3 Bg7 7. f3 a6 8. Qd2 h5 9. h4 Qc7 10. 0-0-0 b5 11. Kb1 Bb7 12. Be2 Nbd7 13. Nb3 Rc8 14. Rc1 Ne5 15. Bd4 Nc4 16. Bxc4 bxc4 17. Bxf6 Bxf6 18. Nd4 Rb8 19. Nce2 d5 20. exd5 Bxd5 21. c3 0-0 22. g4 e5 23. Nf5 Rfd8 24. Qh6 Bxf3 25. gxh5 Be4+ 26. Ka1 Bxf5 27. hxg6 fxg6 28. Rhg1 Bg7 29. Qe3 Qb6 0-1

[Event "Titled Tuesday intern op 09th Feb"]
[Site "Chess.com INT"]
[Date "2021.02.09"]
[Round "5"]
[White "Lesovoi, Evgenij"]
[Black "Matthiesen, Martin"]
[Result "1-0"]
[WhiteElo "2347"]
[BlackElo "2296"]
[PlyCount "145"]
[EventDate "2021.02.09"]
[EventType "swiss (blitz)"]
[EventRounds "11"]
[EventCountry "USA"]
[SourceTitle "EXT 2022"]
[Source "ChessBase"]
[SourceDate "2021.10.06"]
[SourceVersion "1"]
[SourceVersionDate "2021.10.06"]
[SourceQuality "1"]

1. e4 c6 2. d4 d5 3. Nc3 dxe4 4. Nxe4 Bf5 5. Ng3 Bg6 6. h4 h6 7. h5 Bh7 8. Nf3 e6 9. Bd3 Bxd3 10. Qxd3 Nf6 11. Bf4 Qa5+ 12. Bd2 Bb4 13. c3 Be7 14. Ne5 Nbd7 15. Nc4 Qa6 16. Qe2 c5 17. dxc5 Nxc5 18. 0-0 0-0 19. Be3 Rad8 20. Bd4 Na4 21. b3 Nb6 22. Nxb6 axb6 23. Qxa6 bxa6 24. Bxb6 Rd3 25. Bd4 Ng4 26. Rad1 Rxd1 27. Rxd1 Rd8 28. Re1 Rd7 29. Ne4 Rd5 30. f3 Ne5 31. Rd1 Nc6 32. Rd2 Rxh5 33. Be3 Rd5 34. Rxd5 exd5 35. Nc5 a5 36. Kf2 Kf8 37. Ke2 Ke8 38. Kd3 Kd8 39. Bd4 g6 40. Na4 Kc7 41. Bb6+ Kb7 42. Bd4 h5 43. Nb2 Ka6 44. Nd1 Nxd4 45. Kxd4 Kb6 46. Kxd5 Bf6 47. c4 Kc7 48. Nf2 g5 49. Ne4 Be7 50. Nf2 f5 51. Ke5 f4 52. Kf5 Kc6 53. Nd3 a4 54. Kg6 h4 55. Kh5 axb3 56. axb3 Bd8 57. Kg4 Be7 58. Kf5 Bd8 59. b4 Kd6 60. b5 Kd7 61. c5 Be7 62. Ke5 Bd8 63. Kd5 Kc7 64. c6 Kb6 65. Kc4 Bc7 66. Nf2 Bd6 67. Ne4 Be7 68. Nc3 Bd8 69. Nd5+ Ka7 70. Kd3 Kb8 71. Ke4 Kc8 72. Kf5 Bb6 73. Nxb6+ 1-0

[Event "Titled Tuesday intern op 02nd Feb"]
[Site "Chess.com INT"]
[Date "2021.02.02"]
[Round "9"]
[White "Postny, Evgeny"]
[Black "Lesovoi, Evgenij"]
[Result "1-0"]
[WhiteElo "2605"]
[BlackElo "2347"]
[PlyCount "119"]
[EventDate "2021.02.02"]
[EventType "swiss (blitz)"]
[EventRounds "11"]
[EventCountry "USA"]
[SourceTitle "CBM 200 Extra"]
[Source "ChessBase"]
[SourceDate "2021.03.31"]
[SourceVersion "1"]
[SourceVersionDate "2021.03.31"]
[SourceQuality "1"]

1. e4 e5 2. Nf3 Nc6 3. Bb5 a6 4. Ba4 Nf6 5. 0-0 b5 6. Bb3 Be7 7. d4 d6 8. c3 0-0 9. h3 Bb7 10. Nbd2 Re8 11. a3 Na5 12. Bc2 exd4 13. cxd4 Bf8 14. Re1 c5 15. d5 g6 16. b4 cxb4 17. axb4 Nc4 18. Nxc4 bxc4 19. Bb2 Bg7 20. Bc3 Qb6 21. Bd4 Qc7 22. Ra3 a5 23. bxa5 Rxa5 24. Qa1 Rxa3 25. Qxa3 Nd7 26. Bxg7 Kxg7 27. Rb1 Ba8 28. Ba4 Rb8 29. Rxb8 Nxb8 30. Qc3+ Kg8 31. Bb5 f5 32. exf5 Bxd5 33. fxg6 hxg6 34. Nh2 Nd7 35. Bxd7 Qxd7 36. Ng4 Qe6 37. Qf6 c3 38. Qxc3 Be4 39. Nf6+ Kf7 40. Ng4 Bf5 41. Nh6+ Ke7 42. Qg7+ Ke8 43. Nxf5 gxf5 44. Qd4 Ke7 45. Qe3 Kf7 46. Qxe6+ Kxe6 47. Kf1 Ke5 48. Ke2 Kf4 49. g3+ Ke4 50. f3+ Kd4 51. h4 d5 52. h5 Ke5 53. g4 Kf6 54. Ke3 Kg5 55. Kd4 fxg4 56. fxg4 Kf6 57. Kxd5 Kg5 58. Ke4 Kxg4 59. h6 Kh5 60. h7 1-0

[Event "St Petersburg-ch 93rd"]
[Site "St Petersburg"]
[Date "2020.09.27"]
[Round "6.2"]
[White "Goganov, Aleksey"]
[Black "Lesovoi, Evgenij"]
[Result "1-0"]
[WhiteElo "2565"]
[BlackElo "2341"]
[PlyCount "77"]
[EventDate "2020.09.22"]
[EventType "swiss"]
[EventRounds "9"]
[EventCountry "RUS"]
[SourceTitle "EXT 2021"]
[Source "ChessBase"]
[SourceDate "2020.10.23"]
[SourceVersion "1"]
[SourceVersionDate "2020.10.23"]
[SourceQuality "1"]

1. Nf3 Nf6 2. g3 d5 3. Bg2 c6 4. 0-0 Bg4 5. h3 Bxf3 6. Bxf3 e5 7. Bg2 Bc5 8. e3 0-0 9. d4 Bd6 10. dxe5 Bxe5 11. Nd2 Qe7 12. Nf3 Nbd7 13. Qe2 Rad8 14. c4 dxc4 15. Qxc4 Nc5 16. Rb1 Nce4 17. Qc2 Rd7 18. b4 Bc3 19. a3 Rfd8 20. Rb3 Be5 21. a4 h6 22. b5 c5 23. b6 a6 24. a5 Bxg3 25. fxg3 Nxg3 26. Re1 Nfe4 27. Ra3 Rd5 28. Ra4 f5 29. Ba3 Kh7 30. Rd4 Qe6 31. Rxd5 Qxd5 32. Bb2 Rd6 33. Be5 Rg6 34. Kh2 c4 35. Bc7 c3 36. Nh4 Rg5 37. Bxg3 Rxg3 38. Bxe4 Qe5 39. Bxf5+ 1-0

[Event "St Petersburg-ch 93rd"]
[Site "St Petersburg"]
[Date "2020.09.24"]
[Round "3"]
[White "Lesovoi, Evgenij"]
[Black "Babanin, Gleb"]
[Result "1-0"]
[WhiteElo "2341"]
[BlackElo "2193"]
[PlyCount "65"]
[EventDate "2020.09.22"]
[EventType "swiss"]
[EventRounds "9"]
[EventCountry "RUS"]
[SourceTitle "EXT 2021"]
[Source "ChessBase"]
[SourceDate "2020.10.23"]
[SourceVersion "1"]
[SourceVersionDate "2020.10.23"]
[SourceQuality "1"]

1. d4 d5 2. c4 c6 3. Nf3 Nf6 4. e3 Bf5 5. Nc3 e6 6. Nh4 Be4 7. f3 Bg6 8. Bd2 Nbd7 9. Qb3 Rb8 10. 0-0-0 Bd6 11. g4 dxc4 12. Bxc4 b5 13. Be2 0-0 14. Nxg6 hxg6 15. g5 b4 16. Na4 Nd5 17. h4 Qa5 18. e4 Nf4 19. Bc4 Nh5 20. Kb1 Kh7 21. Be3 Rfd8 22. Qc2 Rbc8 23. Bb3 Qc7 24. Bc4 Nb6 25. Ba6 Rb8 26. Nc5 Qe7 27. Nb3 Bf4 28. Bxf4 Nxf4 29. Na5 Qe8 30. Nxc6 Rbc8 31. Bxc8 Rxc8 32. Rc1 Nh5 33. Rhd1 1-0

[Event "Moscow Aeroflot op-B"]
[Site "Moscow"]
[Date "2020.02.24"]
[Round "6"]
[White "Srija, Seshadri"]
[Black "Lesovoi, Evgenij"]
[Result "0-1"]
[WhiteElo "2205"]
[BlackElo "2345"]
[PlyCount "62"]
[EventDate "2020.02.19"]
[EventType "swiss"]
[EventRounds "9"]
[EventCountry "RUS"]
[SourceTitle "CBM 195"]
[Source "ChessBase"]
[SourceDate "2020.04.30"]
[SourceVersion "1"]
[SourceVersionDate "2020.04.30"]
[SourceQuality "1"]

1. e4 c6 2. d4 d5 3. e5 Bf5 4. h4 h5 5. Bd3 Bxd3 6. Qxd3 e6 7. Bg5 Qb6 8. Nd2 Qa6 9. c4 dxc4 10. Nxc4 Bb4+ 11. Ke2 Ne7 12. Nf3 Nf5 13. Rhc1 Nd7 14. a3 Be7 15. a4 Bxg5 16. hxg5 0-0 17. a5 Rfd8 18. Rh1 Nc5 19. Qc3 Ne4 20. Qd3 Nxg5 21. Rxh5 Nxf3 22. Rah1 N3xd4+ 23. Ke1 Nh6 24. Rg5 Nf3+ 25. Qxf3 Qxc4 26. Rxg7+ Kxg7 27. Qf6+ Kg8 28. Qg5+ Kf8 29. Qxh6+ Ke8 30. Qe3 Qb4+ 31. Ke2 Qg4+ 0-1

[Event "Moscow Aeroflot op-B"]
[Site "Moscow"]
[Date "2020.02.21"]
[Round "3"]
[White "Lesovoi, Evgenij"]
[Black "Yakubbaeva, Nilufar"]
[Result "1/2-1/2"]
[WhiteElo "2345"]
[BlackElo "2262"]
[PlyCount "34"]
[EventDate "2020.02.19"]
[EventType "swiss"]
[EventRounds "9"]
[EventCountry "RUS"]
[SourceTitle "CBM 195"]
[Source "ChessBase"]
[SourceDate "2020.04.30"]
[SourceVersion "1"]
[SourceVersionDate "2020.04.30"]
[SourceQuality "1"]

1. d4 Nf6 2. c4 e6 3. Nf3 b6 4. g3 Bb7 5. Bg2 Bb4+ 6. Bd2 Bxd2+ 7. Qxd2 c5 8. 0-0 cxd4 9. Rd1 Bxf3 10. Bxf3 Nc6 11. Bxc6 dxc6 12. Qxd4 Qxd4 13. Rxd4 Ke7 14. Nc3 Rhd8 15. Rad1 e5 16. Rxd8 Rxd8 17. Rxd8 Kxd8 1/2-1/2

[Event "St Petersburg Korchnoi Memorial op"]
[Site "St Petersburg"]
[Date "2019.08.16"]
[Round "3"]
[White "Goganov, Aleksey"]
[Black "Lesovoi, Evgenij"]
[Result "1/2-1/2"]
[WhiteElo "2564"]
[BlackElo "2337"]
[PlyCount "118"]
[EventDate "2019.08.14"]
[EventType "swiss"]
[EventRounds "9"]
[EventCountry "RUS"]
[SourceTitle "CBM 192"]
[Source "ChessBase"]
[SourceDate "2019.10.31"]
[SourceVersion "1"]
[SourceVersionDate "2019.10.31"]
[SourceQuality "1"]

1. Nf3 Nf6 2. c4 e6 3. Nc3 d5 4. e3 Be7 5. b3 b6 6. Bb2 Bb7 7. cxd5 exd5 8. d4 Nbd7 9. Bd3 Bd6 10. 0-0 a6 11. Qc2 0-0 12. e4 dxe4 13. Nxe4 Nxe4 14. Bxe4 Bxe4 15. Qxe4 Nf6 16. Qc2 Qd7 17. Ne5 Qb5 18. Rae1 Rfe8 19. Re3 Re6 20. Rh3 Rae8 21. f4 Qd5 22. g4 Qe4 23. Qxe4 Nxe4 24. f5 R6e7 25. Nc6 Rd7 26. Re3 Nf6 27. Rxe8+ Nxe8 28. g5 f6 29. g6 hxg6 30. fxg6 a5 31. Kg2 Bb4 32. a3 Be7 33. Re1 Kf8 34. Kh3 Nd6 35. a4 Nc8 36. Rxe7 Nxe7 37. Ba3 Ke8 38. Nxe7 c5 39. Nf5 cxd4 40. Bc1 Kf8 41. Kg4 d3 42. Bd2 Rd5 43. h4 b5 44. h5 bxa4 45. bxa4 Re5 46. Ng3 Rc5 47. Kf4 Rc4+ 48. Kf5 Rc5+ 49. Ke4 Rc4+ 50. Kf3 Rxa4 51. h6 gxh6 52. Bxh6+ Ke8 53. Ne4 Rd4 54. Be3 Rd8 55. Bc5 Kd7 56. Bb6 Ra8 57. Nxf6+ Ke6 58. Ne4 Rg8 59. Bxa5 Ke5 1/2-1/2

[Event "RUS-ch Higher League 72nd"]
[Site "Yaroslavl"]
[Date "2019.07.05"]
[Round "8"]
[White "Lesovoi, Evgenij"]
[Black "Drygalov, Sergey"]
[Result "0-1"]
[WhiteElo "2366"]
[BlackElo "2492"]
[PlyCount "98"]
[EventDate "2019.06.27"]
[EventType "swiss"]
[EventRounds "9"]
[EventCountry "RUS"]
[SourceTitle "CBM 191 Extra"]
[Source "ChessBase"]
[SourceDate "2019.09.30"]
[SourceVersion "1"]
[SourceVersionDate "2019.09.30"]
[SourceQuality "1"]

1. Nf3 Nf6 2. c4 e6 3. Nc3 Bb4 4. g3 0-0 5. a3 Bxc3 6. bxc3 Nc6 7. Bg2 e5 8. 0-0 d6 9. d3 e4 10. Nd4 exd3 11. exd3 Bd7 12. h3 Rb8 13. Be3 Ne7 14. Rb1 c5 15. Nb5 Nc8 16. a4 Bc6 17. d4 Bxg2 18. Kxg2 a6 19. Na3 Nd7 20. Qf3 Qc7 21. Rb3 Ne7 22. Nb1 cxd4 23. cxd4 Qxc4 24. Rxb7 Rxb7 25. Qxb7 Rd8 26. Rc1 Qxa4 27. Qe4 Re8 28. Bg5 Nc5 29. Qg4 Nd3 30. Rc7 Ne1+ 31. Kh2 f5 32. Qh5 g6 33. Qe2 Nd5 34. Rc8 Kf7 35. Rxe8 Qxe8 36. Be3 Ng2 37. Kxg2 Qe4+ 38. Kh2 Qxb1 39. Qc4 Qb5 40. Qa2 a5 41. Bd2 a4 42. Bc1 Qb3 43. Qe2 a3 44. Qa6 a2 45. Qa7+ Ke6 46. Qa8 Kd7 47. Bg5 Nc7 48. Qd8+ Kc6 49. d5+ Qxd5 0-1

[Event "RUS-ch Higher League 72nd"]
[Site "Yaroslavl"]
[Date "2019.06.30"]
[Round "4"]
[White "Lesovoi, Evgenij"]
[Black "Alekseenko, Kirill"]
[Result "0-1"]
[WhiteElo "2366"]
[BlackElo "2650"]
[PlyCount "70"]
[EventDate "2019.06.27"]
[EventType "swiss"]
[EventRounds "9"]
[EventCountry "RUS"]
[SourceTitle "CBM 191 Extra"]
[Source "ChessBase"]
[SourceDate "2019.09.30"]
[SourceVersion "1"]
[SourceVersionDate "2019.09.30"]
[SourceQuality "1"]

1. d4 Nf6 2. Nf3 e6 3. c4 d5 4. Bg5 dxc4 5. Qa4+ Nbd7 6. Qxc4 a6 7. e4 h6 8. Bxf6 Nxf6 9. Nbd2 b5 10. Qc2 Bb7 11. Bd3 Bb4 12. a3 Bxd2+ 13. Kxd2 c5 14. dxc5 Bxe4 15. Ke2 Bd5 16. Rhd1 Qc7 17. g3 0-0 18. Nd2 Qe5+ 19. Kf1 Qh5 20. Kg1 Ng4 21. Nf1 Bf3 22. Be2 Nxh2 23. Bxf3 Nxf3+ 24. Kg2 Ng5 25. Qd3 e5 26. Nh2 e4 27. Qe3 f5 28. Qf4 Nh3 29. Qh4 Qxh4 30. gxh4 Nf4+ 31. Kg3 Nd3 32. b4 f4+ 33. Kg2 Rad8 34. Ra2 f3+ 35. Kg1 Nxf2 0-1

[Event "RUS-ch Higher League 72nd"]
[Site "Yaroslavl"]
[Date "2019.06.29"]
[Round "3"]
[White "Vlasenko, Miroslav"]
[Black "Lesovoi, Evgenij"]
[Result "1/2-1/2"]
[WhiteElo "2417"]
[BlackElo "2366"]
[PlyCount "48"]
[EventDate "2019.06.27"]
[EventType "swiss"]
[EventRounds "9"]
[EventCountry "RUS"]
[SourceTitle "CBM 191 Extra"]
[Source "ChessBase"]
[SourceDate "2019.09.30"]
[SourceVersion "1"]
[SourceVersionDate "2019.09.30"]
[SourceQuality "1"]

1. e4 c5 2. Nc3 d6 3. f4 Nc6 4. Nf3 g6 5. Bc4 Bg7 6. 0-0 e6 7. d3 Nge7 8. Qe1 Nd4 9. Nxd4 cxd4 10. Ne2 0-0 11. Bb3 b5 12. f5 exf5 13. Qh4 d5 14. exd5 Nxd5 15. Bg5 Qd7 16. Nxd4 Bb7 17. c4 Nc7 18. Bf6 Bxf6 19. Qxf6 Rad8 20. Nxf5 gxf5 21. Qg5+ Kh8 22. Qf6+ Kg8 23. Qg5+ Kh8 24. Qf6+ Kg8 1/2-1/2

[Event "RUS-ch Higher League 72nd"]
[Site "Yaroslavl"]
[Date "2019.06.28"]
[Round "2"]
[White "Airapetian, Gor"]
[Black "Lesovoi, Evgenij"]
[Result "1/2-1/2"]
[WhiteElo "2442"]
[BlackElo "2366"]
[PlyCount "154"]
[EventDate "2019.06.27"]
[EventType "swiss"]
[EventRounds "9"]
[EventCountry "RUS"]
[SourceTitle "CBM 191 Extra"]
[Source "ChessBase"]
[SourceDate "2019.09.30"]
[SourceVersion "1"]
[SourceVersionDate "2019.09.30"]
[SourceQuality "1"]

1. d4 Nf6 2. c4 e6 3. Nf3 b6 4. g3 Ba6 5. Qc2 Bb7 6. Bg2 c5 7. d5 exd5 8. cxd5 Nxd5 9. 0-0 Nb4 10. Qb3 Bd5 11. Qd1 Bc6 12. Nc3 Be7 13. Bf4 0-0 14. a3 N4a6 15. Nd5 Re8 16. Ne5 Bg5 17. Qb3 b5 18. Nxc6 dxc6 19. Rfd1 Bxf4 20. Nxf4 Qf6 21. a4 c4 22. Qc2 Nc7 23. axb5 Nxb5 24. Qxc4 Qxb2 25. Rab1 Qe5 26. Rb3 Rf8 27. Re3 Qf6 28. Qc5 g6 29. h4 a5 30. Rb3 Ra6 31. Nd5 cxd5 32. Rxb5 a4 33. Bxd5 Nd7 34. Qb4 Ne5 35. Ra5 Ng4 36. Bf3 Rxa5 37. Qxa5 Ne5 38. Bd5 Ng4 39. Bf3 Ne5 40. Bd5 Ng4 41. Qa7 Re8 42. Rd3 Re7 43. Qa8+ Kg7 44. Rf3 Qd4 45. Kg2 Rd7 46. Ba2 Ra7 47. Qb8 h5 48. Rf4 Qc5 49. Qe8 Nf6 50. Qd8 Qc6+ 51. f3 a3 52. Qd4 Re7 53. Kf2 Qa6 54. Bc4 Qa7 55. Ba2 Qxd4+ 56. Rxd4 Ra7 57. Ke3 Nd7 58. Rd3 Nc5 59. Rc3 Ra5 60. Kd4 Ne6+ 61. Kc4 g5 62. Kb4 Re5 63. e3 gxh4 64. gxh4 Rf5 65. f4 Nxf4 66. exf4 Rxf4+ 67. Kxa3 Rxh4 68. Rf3 f6 69. Kb3 Rg4 70. Kc3 h4 71. Rf2 h3 72. Bd5 Kg6 73. Kd3 Kg5 74. Ke3 f5 75. Rb2 Ra4 76. Bf3 Ra1 77. Rc2 Kf6 1/2-1/2

[Event "St Petersburg-ch 92nd"]
[Site "St Petersburg"]
[Date "2019.04.10"]
[Round "10"]
[White "Lesovoi, Evgenij"]
[Black "Duzhakov, Ilya"]
[Result "1-0"]
[WhiteElo "2305"]
[BlackElo "2397"]
[PlyCount "67"]
[EventDate "2019.04.01"]
[EventType "tourn"]
[EventRounds "11"]
[EventCountry "RUS"]
[EventCategory "7"]
[SourceTitle "CBM 189 Extra"]
[Source "ChessBase"]
[SourceDate "2019.06.03"]
[SourceVersion "1"]
[SourceVersionDate "2019.06.03"]
[SourceQuality "1"]

1. d4 Nf6 2. Nf3 e6 3. c4 b6 4. a3 Ba6 5. Qc2 Bb7 6. Nc3 c5 7. e4 cxd4 8. Nxd4 Bc5 9. Nb3 Nc6 10. Nxc5 bxc5 11. Be3 Nd4 12. Qd1 e5 13. Bd3 0-0 14. 0-0 a5 15. Rb1 Re8 16. b4 axb4 17. axb4 cxb4 18. Rxb4 Qa5 19. Qb1 Bc6 20. Nd5 Bxd5 21. cxd5 Qa3 22. h3 Ra4 23. Rxa4 Qxa4 24. Rc1 h6 25. Rc4 Qa5 26. Rb4 Ra8 27. Bxd4 exd4 28. e5 Ne8 29. Rxd4 Qc3 30. Qb4 Qa1+ 31. Kh2 Ra2 32. Qe7 Ra8 33. Rf4 f6 34. Bg6 1-0